000 00341nam a2200145Ia 4500
008 090124s9999 xx 000 0 und d
082 _b35443
245 _a साहेब
250 _a1
260 _bपोरे सुरेश
_c2008
300 _a148
630 _a साहेब
730 _a साहेब
942 _cBOOK
999 _c200493
_d200493